| 000 | 00639nam a22002175a 4500 | ||
|---|---|---|---|
| 005 | 20201128021355.0 | ||
| 008 | 150628t2006 nyua fr 000 0 eng d | ||
| 020 | _a9780077171230 | ||
| 020 | _a0077171233 | ||
| 040 |
_aEG-ScBUE _beng _cEG-ScBUE |
||
| 082 | 0 | 4 |
_222 _bSUG _a659.1 |
| 100 | 1 |
_aSugars, J. Bradley _938530 |
|
| 245 | 1 | 0 |
_aInstant advertising / _cBradely J. Sugars. |
| 260 |
_aNew York : _bMcGraw-Hill, _cc.2006. |
||
| 300 |
_axii, 271 p. : _bill. ; _c24 cm. |
||
| 650 | 7 |
_2BUEsh _95632 _aAdvertising. |
|
| 650 | 7 |
_92128 _aAdvertising copy. _2BUEsh |
|
| 651 | _2BUEsh | ||
| 653 |
_bBUSADM _cJune2015 _cOctober2015 |
||
| 942 | _2ddc | ||
| 999 |
_c20014 _d19986 |
||